The secret museum : (Record no. 896)

MARC details
000 -LEADER
fixed length control field 00471nam a2200181 a 4500
005 - DATE AND TIME OF LATEST TRANSACTION
control field 20260322212038.0
008 - FIXED-LENGTH DATA ELEMENTS--GENERAL INFORMATION
fixed length control field data
010 ## - LIBRARY OF CONGRESS CONTROL NUMBER
LC control number 86-40310
090 ## - LOCALLY ASSIGNED LC-TYPE CALL NUMBER (OCLC); LOCAL CALL NUMBER (RLIN)
Classification number (OCLC) (R) ; Classification number, CALL (RLIN) (NR) HQ 471 K45 1987
001 - CONTROL NUMBER
control field data
100 1# - MAIN ENTRY--PERSONAL NAME
Personal name Kendrick, Walter M.
245 14 - TITLE STATEMENT
Title The secret museum :
Remainder of title pornography in modern culture /
Statement of responsibility, etc. Walter M. Kendrick.
260 ## - PUBLICATION, DISTRIBUTION, ETC.
Place of publication, distribution, etc. New York
Name of publisher, distributor, etc. Viking
Date of publication, distribution, etc. 1987
300 ## - PHYSICAL DESCRIPTION
Extent xi, 288 p.
500 ## - GENERAL NOTE
General note Bibliography: p. 265-274.
500 ## - GENERAL NOTE
General note Includes index.
650 02 - SUBJECT ADDED ENTRY--TOPICAL TERM
Topical term or geographic name entry element Erotica
General subdivision history
Holdings
Withdrawn status Lost status Damaged status Not for loan Home library Current library Shelving location Date acquired Total checkouts Full call number Barcode Date last seen Price effective from Koha item type
        Pleasant Valley Pleasant Valley General stacks 22/03/2026   GEN BC0010924 22/03/2026 22/03/2026 Books